[Event "FICGS rapid M 000135 email"]
[Site "FICGS email"]
[Date "2022.08.04"]
[Round "1"]
[White "Romano, Jacopo"]
[Black "Ozen, Bahadir"]
[Result "1/2-1/2"]
[WhiteElo "2192"]
[BlackElo "2276"]
[PlyCount "43"]
[EventDate "2022.??.??"]
[EventType "tourn (rapid)"]
[EventRounds "6"]
[SourceTitle "Corr 2024"]
[Source "ChessBase"]
[SourceDate "2023.10.19"]
[SourceVersion "1"]
[SourceVersionDate "2023.10.19"]
[SourceQuality "1"]

1. c4 c6 2. d4 d5 3. cxd5 cxd5 4. Nc3 Nf6 5. Nf3 Nc6 6. Bf4 Bf5 7. e3 e6 8. Qb3 Bb4 9. Ne5 Bxc3+ 10. bxc3 Nxe5 11. Bxe5 0-0 12. Be2 Rc8 13. f3 Nd7 14. Bd6 Re8 15. 0-0 Nb6 16. Bc5 Qg5 17. f4 Qd8 18. Bb5 Nc4 19. Bxc4 dxc4 20. Qxb7 Rb8 21. Qc6 Bd3 22. Rf2 1/2-1/2

[Event "FICGS rapid M 000134 email"]
[Site "FICGS email"]
[Date "2022.07.17"]
[Round "1"]
[White "Ligon, Scott"]
[Black "Romano, Jacopo"]
[Result "1/2-1/2"]
[WhiteElo "2278"]
[BlackElo "2192"]
[PlyCount "101"]
[EventDate "2022.??.??"]
[EventType "tourn (rapid)"]
[EventRounds "6"]
[SourceTitle "Corr 2024"]
[Source "ChessBase"]
[SourceDate "2023.10.19"]
[SourceVersion "1"]
[SourceVersionDate "2023.10.19"]
[SourceQuality "1"]

1. e4 c5 2. c3 d5 3. exd5 Qxd5 4. d4 Nf6 5. Nf3 e6 6. Na3 Nc6 7. Be3 cxd4 8. Nb5 Qd8 9. Nbxd4 Nd5 10. Nxc6 bxc6 11. Bd2 Be7 12. c4 Nb4 13. Qa4 Bd7 14. c5 a5 15. Rc1 Bf6 16. a3 Nd5 17. Rc2 Qc7 18. Bd3 0-0 19. 0-0 Rfb8 20. Bc1 Bc8 21. Qe4 g6 22. Re1 Bg7 23. Qh4 Ba6 24. Bxa6 Rxa6 25. Ng5 h6 26. Ne4 Qe7 27. Qh3 h5 28. Qd3 Raa8 29. Nd6 a4 30. h3 Rb3 31. Qd2 Qa7 32. Rc4 Qa5 33. Qe2 Rf8 34. Rd1 Qa7 35. Rd3 Rfb8 36. Rxb3 axb3 37. g3 Qc7 38. h4 Qa7 39. g4 Nf6 40. gxh5 Nxh5 41. Qe4 Qd7 42. Rb4 Rxb4 43. Qxb4 Qa7 44. Ne4 Nf6 45. Qb6 Qa8 46. Nxf6+ Bxf6 47. Qxb3 Qd8 48. a4 Bxh4 49. Kf1 Bf6 50. Ke2 Qc7 51. Be3 1/2-1/2

[Event "FICGS rapid M 000134 email"]
[Site "FICGS email"]
[Date "2022.07.17"]
[Round "1"]
[White "Monotua, Rotom"]
[Black "Romano, Jacopo"]
[Result "1-0"]
[WhiteElo "2276"]
[BlackElo "2192"]
[PlyCount "69"]
[EventDate "2022.??.??"]
[EventType "tourn (rapid)"]
[EventRounds "6"]
[SourceTitle "Corr 2024"]
[Source "ChessBase"]
[SourceDate "2023.10.19"]
[SourceVersion "1"]
[SourceVersionDate "2023.10.19"]
[SourceQuality "1"]

1. d4 Nf6 2. c4 g6 3. h4 Bg7 4. Nc3 d6 5. e4 Nc6 6. Nge2 0-0 7. f3 e5 8. d5 Nd4 9. Be3 c5 10. dxc6 bxc6 11. Nxd4 exd4 12. Bxd4 c5 13. Bf2 Nh5 14. Bd3 Rb8 15. Qd2 Be5 16. b3 Re8 17. Be3 f5 18. 0-0-0 f4 19. Bf2 Be6 20. Be1 Rb4 21. Kc2 Qa5 22. Rb1 Reb8 23. Kd1 Qb6 24. Qc1 Qb7 25. Bd2 Qf7 26. Ne2 R4b6 27. Bc3 Qe7 28. Bxe5 dxe5 29. Nc3 Ng3 30. Re1 a5 31. Nd5 Qd6 32. Qc3 Ra6 33. a3 Bf7 34. Kc1 h6 35. Rb2 1-0

[Event "FICGS rapid M 000134 email"]
[Site "FICGS email"]
[Date "2022.07.17"]
[Round "1"]
[White "Romano, Jacopo"]
[Black "Swiatek, Janusz"]
[Result "1/2-1/2"]
[WhiteElo "2192"]
[BlackElo "2224"]
[PlyCount "27"]
[EventDate "2022.??.??"]
[EventType "tourn (rapid)"]
[EventRounds "6"]
[SourceTitle "Corr 2024"]
[Source "ChessBase"]
[SourceDate "2023.10.19"]
[SourceVersion "1"]
[SourceVersionDate "2023.10.19"]
[SourceQuality "1"]

1. d4 Nf6 2. c4 e6 3. Nf3 d5 4. g3 Bb4+ 5. Bd2 Be7 6. Bg2 Nbd7 7. 0-0 0-0 8. Qc2 c6 9. Bf4 b6 10. Rd1 Bb7 11. Ne5 Nh5 12. Bd2 Nhf6 13. Bf4 Nh5 14. Bd2 1/2-1/2

[Event "FICGS rapid M 000133 email"]
[Site "FICGS email"]
[Date "2022.07.05"]
[Round "1"]
[White "Romano, Jacopo"]
[Black "Cirulis, Ilmars"]
[Result "1/2-1/2"]
[WhiteElo "2192"]
[BlackElo "2268"]
[PlyCount "45"]
[EventDate "2022.??.??"]
[EventType "tourn (rapid)"]
[EventRounds "6"]
[SourceTitle "Corr 2024"]
[Source "ChessBase"]
[SourceDate "2023.10.19"]
[SourceVersion "1"]
[SourceVersionDate "2023.10.19"]
[SourceQuality "1"]

1. d4 d5 2. c4 c6 3. Nc3 e6 4. e4 dxe4 5. Nxe4 Bb4+ 6. Bd2 Qxd4 7. Bxb4 Qxe4+ 8. Be2 Na6 9. Ba5 b6 10. Qd6 Bd7 11. Bc3 f6 12. Nf3 Nh6 13. Rd1 Rd8 14. Qa3 Bc8 15. Nd2 Qf4 16. Bh5+ Nf7 17. 0-0 c5 18. Qa4+ Ke7 19. Rfe1 Ng5 20. Re3 Rd6 21. Rde1 Rhd8 22. Nf3 Kf8 23. a3 1/2-1/2

[Event "FICGS rapid M 000132 email"]
[Site "FICGS email"]
[Date "2022.06.25"]
[Round "1"]
[White "Maceda, Coco"]
[Black "Romano, Jacopo"]
[Result "1-0"]
[WhiteElo "2244"]
[BlackElo "2192"]
[PlyCount "63"]
[EventDate "2022.??.??"]
[EventType "tourn (rapid)"]
[EventRounds "6"]
[SourceTitle "Corr 2024"]
[Source "ChessBase"]
[SourceDate "2023.10.19"]
[SourceVersion "1"]
[SourceVersionDate "2023.10.19"]
[SourceQuality "1"]

1. e4 e6 2. d4 d5 3. Nc3 Bb4 4. e5 c5 5. a3 Bxc3+ 6. bxc3 Ne7 7. Qg4 Qc7 8. Bd3 c4 9. Be2 0-0 10. f4 Qa5 11. Bd2 Qa4 12. Nf3 Qxc2 13. Bd1 Qg6 14. Qxg6 fxg6 15. a4 b6 16. g3 Bd7 17. Bc1 Nbc6 18. Ba3 h6 19. Ke2 Kh7 20. Bc2 Rf7 21. Raf1 Rc8 22. Rhg1 Rd8 23. Kd2 Rg8 24. Nh4 Nf5 25. Nf3 Nfe7 26. Rf2 Rh8 27. Nh4 Nf5 28. Nxg6 Kxg6 29. g4 Kh7 30. gxf5 exf5 31. Rfg2 Nd8 32. h4 1-0

[Event "FICGS rapid M 000132 email"]
[Site "FICGS email"]
[Date "2022.06.25"]
[Round "1"]
[White "Romano, Jacopo"]
[Black "Vasquez, Fernando"]
[Result "1/2-1/2"]
[WhiteElo "2192"]
[BlackElo "2100"]
[PlyCount "85"]
[EventDate "2022.??.??"]
[EventType "tourn (rapid)"]
[EventRounds "6"]
[SourceTitle "Corr 2024"]
[Source "ChessBase"]
[SourceDate "2023.10.19"]
[SourceVersion "1"]
[SourceVersionDate "2023.10.19"]
[SourceQuality "1"]

1. e4 e5 2. Nc3 Nf6 3. g3 Bc5 4. Bg2 Nc6 5. Nge2 d6 6. Na4 h5 7. h4 a6 8. Nxc5 dxc5 9. d3 Be6 10. b3 Qd6 11. Bb2 Ng4 12. Qd2 f6 13. Nc3 0-0-0 14. Nd5 Kb8 15. f3 Nh6 16. Ne3 Nb4 17. Bh3 Bxh3 18. Rxh3 Qe6 19. Rh1 Rhf8 20. Rf1 Qh3 21. Rg1 Nc6 22. Qg2 Qxg2 23. Rxg2 f5 24. Ke2 fxe4 25. dxe4 Nd4+ 26. Bxd4 cxd4 27. Nc4 Rde8 28. Rc1 b6 29. c3 Rf6 30. Rgg1 Nf7 31. Rgd1 Rd8 32. a4 a5 33. Rg1 Re8 34. g4 Rf4 35. gxh5 Rxh4 36. cxd4 exd4 37. Rh1 Rxh1 38. Rxh1 Ng5 39. Nb2 Rf8 40. Rg1 Nh3 41. Rxg7 Nf4+ 42. Kf2 Rh8 43. Rd7 1/2-1/2

[Event "FICGS W-ch st2 g02 email"]
[Site "FICGS email"]
[Date "2021.07.13"]
[Round "1"]
[White "Aahlad, Yeturu"]
[Black "Romano, Jacopo"]
[Result "1/2-1/2"]
[WhiteElo "2201"]
[BlackElo "2155"]
[PlyCount "58"]
[EventDate "2021.??.??"]
[EventType "tourn (corr)"]
[EventRounds "8"]
[SourceTitle "Corr 2022"]
[Source "ChessBase"]
[SourceDate "2021.10.24"]
[SourceVersion "1"]
[SourceVersionDate "2021.10.24"]
[SourceQuality "1"]

1. e4 e5 2. Nf3 Nc6 3. Bb5 a6 4. Ba4 Nf6 5. 0-0 Be7 6. Re1 b5 7. Bb3 d6 8. c3 0-0 9. h3 Na5 10. Bc2 c5 11. d4 Qc7 12. d5 Nc4 13. b3 Nb6 14. Be3 Bd7 15. Bd3 h6 16. Nbd2 Nh7 17. c4 Rfb8 18. a4 bxa4 19. bxa4 Bf6 20. a5 Nc8 21. h4 Bg4 22. g3 Rb2 23. Nf1 Rab8 24. Bc1 R2b3 25. N1h2 Bd7 26. Bc2 R3b7 27. Kh1 Kh8 28. g4 g5 29. h5 Ne7 1/2-1/2

[Event "FICGS rapid M 000122 email"]
[Site "FICGS email"]
[Date "2021.01.09"]
[Round "1"]
[White "Rodriguez Perez, Rene"]
[Black "Romano, Jacopo"]
[Result "1/2-1/2"]
[WhiteElo "2186"]
[BlackElo "2156"]
[PlyCount "46"]
[EventDate "2021.??.??"]
[EventType "tourn (rapid)"]
[EventRounds "6"]
[SourceTitle "Corr 2022"]
[Source "ChessBase"]
[SourceDate "2021.10.24"]
[SourceVersion "1"]
[SourceVersionDate "2021.10.24"]
[SourceQuality "1"]

1. e4 c5 2. Nf3 d6 3. d4 cxd4 4. Qxd4 Nc6 5. Bb5 Bd7 6. Bxc6 Bxc6 7. Nc3 Nf6 8. Bg5 e6 9. Bxf6 Qxf6 10. Qe3 Qd8 11. 0-0-0 Be7 12. Nd4 0-0 13. f4 a6 14. Kb1 Bd7 15. Rhf1 b5 16. e5 dxe5 17. Qxe5 Bf6 18. Qe3 Qb6 19. Ne4 Be7 20. Rfe1 Rfd8 21. Nf5 Qxe3 22. Nxe7+ Kf8 23. Rxe3 Kxe7 1/2-1/2

[Event "FICGS class A 000241 email"]
[Site "FICGS email"]
[Date "2020.12.27"]
[Round "1"]
[White "Dyson, John"]
[Black "Romano, Jacopo"]
[Result "1/2-1/2"]
[WhiteElo "2110"]
[BlackElo "2115"]
[PlyCount "36"]
[EventDate "2020.??.??"]
[EventType "tourn (corr)"]
[EventRounds "6"]
[SourceTitle "Corr 2022"]
[Source "ChessBase"]
[SourceDate "2021.10.24"]
[SourceVersion "1"]
[SourceVersionDate "2021.10.24"]
[SourceQuality "1"]

1. Nf3 Nf6 2. c4 g6 3. Nc3 d5 4. cxd5 Nxd5 5. Qa4+ Bd7 6. Qb3 Nb6 7. d4 Be6 8. Qc2 Bg4 9. Qe4 Bxf3 10. Qxf3 c6 11. e3 Bg7 12. Qe4 0-0 13. Be2 N8d7 14. Qc2 c5 15. 0-0 cxd4 16. exd4 Bxd4 17. Rd1 e5 18. Bf3 Qf6 1/2-1/2

[Event "FICGS class A 000241 email"]
[Site "FICGS email"]
[Date "2020.12.27"]
[Round "1"]
[White "Romano, Jacopo"]
[Black "Duttagupta, Aniruddha"]
[Result "1/2-1/2"]
[WhiteElo "2115"]
[BlackElo "2124"]
[PlyCount "29"]
[EventDate "2020.??.??"]
[EventType "tourn (corr)"]
[EventRounds "6"]
[SourceTitle "Corr 2022"]
[Source "ChessBase"]
[SourceDate "2021.10.24"]
[SourceVersion "1"]
[SourceVersionDate "2021.10.24"]
[SourceQuality "1"]

1. e4 c5 2. Nf3 d6 3. d4 cxd4 4. Nxd4 Nf6 5. Nc3 a6 6. Bg5 Nbd7 7. Bc4 Qb6 8. Bb3 e6 9. Qd2 Be7 10. 0-0-0 Nc5 11. Rhe1 h6 12. Bh4 0-0 13. g3 Qc7 14. f4 Re8 15. e5 1/2-1/2

[Event "FICGS class A 000241 email"]
[Site "FICGS email"]
[Date "2020.12.27"]
[Round "1"]
[White "Wyngaarden, Martin"]
[Black "Romano, Jacopo"]
[Result "1/2-1/2"]
[WhiteElo "2061"]
[BlackElo "2115"]
[PlyCount "68"]
[EventDate "2020.??.??"]
[EventType "tourn (corr)"]
[EventRounds "6"]
[SourceTitle "Corr 2022"]
[Source "ChessBase"]
[SourceDate "2021.10.24"]
[SourceVersion "1"]
[SourceVersionDate "2021.10.24"]
[SourceQuality "1"]

1. d4 d5 2. c4 c6 3. Nf3 Nf6 4. e3 e6 5. Nbd2 b6 6. Bd3 Bb7 7. 0-0 Nbd7 8. b3 Bd6 9. Bb2 0-0 10. Qe2 Qe7 11. Rad1 Rfe8 12. Ne5 c5 13. f4 cxd4 14. exd4 Rac8 15. Rf2 g6 16. Nf1 dxc4 17. bxc4 Nh5 18. Ne3 f5 19. g4 Ng7 20. gxf5 Nxf5 21. N3g4 Nf6 22. d5 Nxg4 23. Qxg4 Bxe5 24. Bxe5 Rf8 25. d6 Qd7 26. Re1 Nh6 27. Qh3 Nf5 28. Qg4 Nh6 29. Qh4 Nf5 30. Qg5 Qc6 31. Be4 Qd7 32. Bxb7 Qxb7 33. h4 Ng7 34. Rd2 Rf5 1/2-1/2

[Event "FICGS rapid M 000121 email"]
[Site "FICGS email"]
[Date "2020.11.27"]
[Round "1"]
[White "Romano, Jacopo"]
[Black "Cirulis, Ilmars"]
[Result "1/2-1/2"]
[WhiteElo "2115"]
[BlackElo "2239"]
[PlyCount "47"]
[EventDate "2020.??.??"]
[EventType "tourn (rapid)"]
[EventRounds "6"]
[SourceTitle "Corr 2022"]
[Source "ChessBase"]
[SourceDate "2021.10.24"]
[SourceVersion "1"]
[SourceVersionDate "2021.10.24"]
[SourceQuality "1"]

1. d4 d5 2. c4 c6 3. Nf3 Nf6 4. e3 Bf5 5. Nc3 e6 6. Nh4 Bg6 7. Be2 Nbd7 8. 0-0 Bd6 9. g3 0-0 10. Nxg6 hxg6 11. Qb3 Rb8 12. Rd1 Qe7 13. Qc2 Rfe8 14. Bd2 a6 15. Rac1 b5 16. c5 Bc7 17. f4 b4 18. Nb1 Ne4 19. Bf3 f5 20. Qa4 Rec8 21. Bxb4 g5 22. Rc2 gxf4 23. exf4 g5 24. fxg5 1/2-1/2

[Event "FICGS rapid M 000121 email"]
[Site "FICGS email"]
[Date "2020.11.27"]
[Round "1"]
[White "Romano, Jacopo"]
[Black "Galliano, Gianni"]
[Result "0-1"]
[WhiteElo "2115"]
[BlackElo "2127"]
[PlyCount "52"]
[EventDate "2020.??.??"]
[EventType "tourn (rapid)"]
[EventRounds "6"]
[SourceTitle "Corr 2022"]
[Source "ChessBase"]
[SourceDate "2021.10.24"]
[SourceVersion "1"]
[SourceVersionDate "2021.10.24"]
[SourceQuality "1"]

1. d4 d5 2. c4 e6 3. Nf3 Nf6 4. g3 dxc4 5. Bg2 Bb4+ 6. Bd2 a5 7. 0-0 0-0 8. Bg5 c6 9. Ne5 b5 10. a4 Ra6 11. Nc3 h6 12. Bxf6 gxf6 13. Nf3 Rb6 14. Qc1 Kg7 15. Rd1 Nd7 16. e4 Qc7 17. Qc2 Rb8 18. Nh4 Rd8 19. Ne2 Bd6 20. Bf3 c5 21. d5 b4 22. dxe6 Ne5 23. exf7 Qxf7 24. Rd5 Nxf3+ 25. Nxf3 c3 26. bxc3 Be6 0-1

[Event "FICGS W-ch st1 g04 email"]
[Site "FICGS email"]
[Date "2020.11.05"]
[Round "1"]
[White "Romano, Jacopo"]
[Black "Faust, Dieter"]
[Result "1-0"]
[WhiteElo "2115"]
[BlackElo "1933"]
[PlyCount "39"]
[EventDate "2020.??.??"]
[EventType "tourn (corr)"]
[EventRounds "8"]
[SourceTitle "Corr 2022"]
[Source "ChessBase"]
[SourceDate "2021.10.24"]
[SourceVersion "1"]
[SourceVersionDate "2021.10.24"]
[SourceQuality "1"]

1. d4 Nf6 2. c4 e6 3. g3 d5 4. Nf3 dxc4 5. Bg2 Nc6 6. Qa4 Bb4+ 7. Bd2 Nd5 8. Bxb4 Ndxb4 9. 0-0 Rb8 10. Na3 0-0 11. Qb5 Qd5 12. Qxc4 Rd8 13. e3 Qxc4 14. Nxc4 Ne7 15. a3 Nbd5 16. Rfc1 c6 17. h4 Nc7 18. Nfd2 b6 19. Ne5 c5 20. b4 1-0

[Event "FICGS rapid M 000120 email"]
[Site "FICGS email"]
[Date "2020.10.26"]
[Round "1"]
[White "Romano, Jacopo"]
[Black "Hallqvist, Niklas"]
[Result "1/2-1/2"]
[WhiteElo "2115"]
[BlackElo "2109"]
[PlyCount "25"]
[EventDate "2020.??.??"]
[EventType "tourn (rapid)"]
[EventRounds "6"]
[SourceTitle "Corr 2022"]
[Source "ChessBase"]
[SourceDate "2021.10.24"]
[SourceVersion "1"]
[SourceVersionDate "2021.10.24"]
[SourceQuality "1"]

1. d4 e6 2. c4 b6 3. e4 Bb4+ 4. Bd2 Bxd2+ 5. Qxd2 d5 6. Bd3 Ba6 7. cxd5 Bxd3 8. Qxd3 exd5 9. f3 dxe4 10. Qxe4+ Qe7 11. Ne2 c6 12. Kf2 Nf6 13. Qxe7+ 1/2-1/2

[Event "FICGS class A 000239 email"]
[Site "FICGS email"]
[Date "2020.10.21"]
[Round "1"]
[White "Romano, Jacopo"]
[Black "Tanriover, Taner"]
[Result "1-0"]
[WhiteElo "2115"]
[BlackElo "2154"]
[PlyCount "87"]
[EventDate "2020.??.??"]
[EventType "tourn (corr)"]
[EventRounds "6"]
[SourceTitle "Corr 2022"]
[Source "ChessBase"]
[SourceDate "2021.10.24"]
[SourceVersion "1"]
[SourceVersionDate "2021.10.24"]
[SourceQuality "1"]

1. d4 f5 2. c4 Nf6 3. Nf3 e6 4. g3 Bb4+ 5. Bd2 Bxd2+ 6. Qxd2 Ne4 7. Qc2 b6 8. Bg2 Bb7 9. Nc3 Nxc3 10. Qxc3 0-0 11. 0-0 Be4 12. d5 exd5 13. cxd5 Bxd5 14. Rfd1 Bc6 15. Qc4+ Kh8 16. Ne5 Bxg2 17. Kxg2 Qe8 18. Qxc7 Na6 19. Qd6 Rf6 20. Qd5 Nc7 21. Qb7 Qxe5 22. Rxd7 Rg8 23. Qxc7 Qxb2 24. Rad1 f4 25. R1d2 Qa3 26. f3 fxg3 27. hxg3 a5 28. Rd8 Qc5 29. Qb8 Rff8 30. Rxf8 Rxf8 31. Rd8 Kg8 32. Rxf8+ Qxf8 33. Qxb6 a4 34. Qe6+ Kh8 35. e4 h6 36. e5 Qd8 37. Qc4 Qd2+ 38. Kh3 a3 39. Qc8+ Kh7 40. Qf5+ Kh8 41. e6 Qe2 42. Qf8+ Kh7 43. e7 Qe6+ 44. g4 1-0

[Event "FICGS class A 000239 email"]
[Site "FICGS email"]
[Date "2020.10.21"]
[Round "1"]
[White "Wilson, Norman"]
[Black "Romano, Jacopo"]
[Result "1/2-1/2"]
[WhiteElo "2120"]
[BlackElo "2115"]
[PlyCount "56"]
[EventDate "2020.??.??"]
[EventType "tourn (corr)"]
[EventRounds "6"]
[SourceTitle "Corr 2022"]
[Source "ChessBase"]
[SourceDate "2021.10.24"]
[SourceVersion "1"]
[SourceVersionDate "2021.10.24"]
[SourceQuality "1"]

1. d4 Nf6 2. c4 e6 3. Nf3 d5 4. Nc3 Bb4 5. cxd5 exd5 6. Bg5 h6 7. Bh4 0-0 8. e3 Bf5 9. Qb3 Bxc3+ 10. Qxc3 Nbd7 11. Be2 c6 12. Nd2 Ne4 13. Bxd8 Nxc3 14. bxc3 Raxd8 15. a4 Rc8 16. Nf1 Bh7 17. Ng3 f5 18. Nh5 g6 19. Ng3 Rce8 20. Kd2 Re7 21. a5 Nf6 22. h4 Kg7 23. Bd3 Ng4 24. Raf1 b6 25. a6 h5 26. Ne2 Bg8 27. Nf4 Rc8 28. Bc2 Bf7 1/2-1/2

[Event "FICGS class C 000332 email"]
[Site "FICGS email"]
[Date "2020.10.17"]
[Round "1"]
[White "Romano, Jacopo"]
[Black "Hallqvist, Niklas"]
[Result "1/2-1/2"]
[WhiteElo "2115"]
[BlackElo "2109"]
[PlyCount "39"]
[EventDate "2020.??.??"]
[EventType "tourn (corr)"]
[EventRounds "1"]
[SourceTitle "Corr 2022"]
[Source "ChessBase"]
[SourceDate "2021.10.24"]
[SourceVersion "1"]
[SourceVersionDate "2021.10.24"]
[SourceQuality "1"]

1. Nf3 c5 2. c4 g6 3. Nc3 Bg7 4. e4 Nc6 5. a3 e6 6. d4 Nxd4 7. Nxd4 cxd4 8. Nb5 d6 9. Nxd4 Nf6 10. Bd3 d5 11. exd5 0-0 12. 0-0 exd5 13. Re1 Ng4 14. Nf3 Qb6 15. Re2 Be6 16. Qa4 Qc5 17. cxd5 Qxd5 18. Rd2 Rad8 19. h3 Ne5 20. Be2 1/2-1/2

[Event "FICGS class A 000238 email"]
[Site "FICGS email"]
[Date "2020.10.06"]
[Round "1"]
[White "Romano, Jacopo"]
[Black "Shklyaev, Sergei"]
[Result "1-0"]
[WhiteElo "2115"]
[BlackElo "2000"]
[PlyCount "107"]
[EventDate "2020.??.??"]
[EventType "tourn (corr)"]
[EventRounds "6"]
[SourceTitle "Corr 2022"]
[Source "ChessBase"]
[SourceDate "2021.10.24"]
[SourceVersion "1"]
[SourceVersionDate "2021.10.24"]
[SourceQuality "1"]

1. c4 Nf6 2. d4 e6 3. g3 d5 4. Nf3 Be7 5. Bg2 0-0 6. 0-0 dxc4 7. Qc2 b5 8. a4 b4 9. Nfd2 c6 10. Nxc4 Qxd4 11. Rd1 Qc5 12. Be3 Qh5 13. Nbd2 Ng4 14. Nf3 Nxe3 15. Nxe3 a5 16. Nd4 Ba6 17. Rac1 Rc8 18. Bf3 Qg6 19. Be4 Qh5 20. Kg2 Ra7 21. h4 g6 22. f4 Qh6 23. Ng4 Qg7 24. Ne5 Bf6 25. Qc5 Rac7 26. Bf3 h6 27. Nb3 Be7 28. Qxa5 c5 29. Nd4 c4 30. Nb5 Rc5 31. Qxb4 g5 32. hxg5 hxg5 33. Nd6 Rxe5 34. fxe5 g4 35. Qb6 gxf3+ 36. exf3 Rf8 37. Rd4 Bd8 38. Qxb8 Bh4 39. Rg4 Rxb8 40. gxh4 Qxg4+ 41. fxg4 Rxb2+ 42. Kg3 Rb4 43. h5 Rb3+ 44. Kh4 Re3 45. Kg5 Rxe5+ 46. Kf6 Re3 47. Nxc4 Rf3+ 48. Ke7 Rf4 49. Ne5 f6 50. Nd7 Kg7 51. Rh1 Kh6 52. Nxf6 Rxa4 53. g5+ Kxg5 54. h6 1-0

[Event "FICGS rapid A 000200 email"]
[Site "FICGS email"]
[Date "2017.03.07"]
[Round "1"]
[White "Cirulis, Ilmars"]
[Black "Romano, Jacopo"]
[Result "0-1"]
[WhiteElo "2055"]
[BlackElo "2055"]
[PlyCount "60"]
[EventDate "2017.??.??"]
[EventType "tourn (rapid)"]
[EventRounds "6"]
[SourceTitle "Corr 2022"]
[Source "ChessBase"]
[SourceDate "2021.10.24"]
[SourceVersion "1"]
[SourceVersionDate "2021.10.24"]
[SourceQuality "1"]

1. b4 e5 2. a3 d5 3. e3 Nf6 4. Bb2 Nbd7 5. c4 c6 6. Nf3 Bd6 7. d4 e4 8. Nfd2 0-0 9. Nc3 a6 10. Be2 Re8 11. cxd5 cxd5 12. Qb3 Nb6 13. a4 Be6 14. a5 Nc8 15. 0-0 Na7 16. Rfc1 Nc6 17. Ba3 h5 18. b5 Bxa3 19. Rxa3 axb5 20. Qxb5 Nxa5 21. Qb2 b6 22. Rb1 Rb8 23. Na4 Nc4 24. Nxc4 dxc4 25. Qb5 Bd7 26. Qb4 Qc7 27. Nc3 b5 28. Ra6 Re6 29. Rxe6 fxe6 30. h3 Kh7 0-1

[Event "FICGS rapid A 000200 email"]
[Site "FICGS email"]
[Date "2017.03.07"]
[Round "1"]
[White "Sorbi, Luca"]
[Black "Romano, Jacopo"]
[Result "1/2-1/2"]
[WhiteElo "2043"]
[BlackElo "2055"]
[PlyCount "38"]
[EventDate "2017.??.??"]
[EventType "tourn (rapid)"]
[EventRounds "6"]
[SourceTitle "Corr 2022"]
[Source "ChessBase"]
[SourceDate "2021.10.24"]
[SourceVersion "1"]
[SourceVersionDate "2021.10.24"]
[SourceQuality "1"]

1. e4 c5 2. Nf3 d6 3. d4 cxd4 4. Nxd4 Nf6 5. Nc3 a6 6. Bg5 Nbd7 7. f4 Qc7 8. Qf3 h6 9. Bxf6 Nxf6 10. f5 Qc5 11. 0-0-0 g5 12. fxg6 Bg4 13. gxf7+ Kxf7 14. Qd3 Bxd1 15. Nxd1 Bg7 16. Be2 e6 17. Rf1 Rhe8 18. Bg4 Qe5 19. h3 Kg8 1/2-1/2

[Event "FICGS rapid B 000248 email"]
[Site "FICGS email"]
[Date "2017.01.15"]
[Round "1"]
[White "Mitrea, Sorin Ioachim"]
[Black "Romano, Jacopo"]
[Result "1/2-1/2"]
[WhiteElo "2000"]
[BlackElo "2047"]
[PlyCount "44"]
[EventDate "2017.??.??"]
[EventType "tourn (rapid)"]
[EventRounds "6"]
[SourceTitle "Corr 2022"]
[Source "ChessBase"]
[SourceDate "2021.10.24"]
[SourceVersion "1"]
[SourceVersionDate "2021.10.24"]
[SourceQuality "1"]

1. d4 d5 2. c4 c6 3. Nf3 Nf6 4. Nc3 e6 5. e3 Nbd7 6. Qc2 Bd6 7. Bd3 dxc4 8. Bxc4 b5 9. Bd3 Bb7 10. 0-0 0-0 11. e4 e5 12. dxe5 Nxe5 13. Nxe5 Bxe5 14. h3 a6 15. Be3 Re8 16. a4 Qe7 17. Ne2 Bd6 18. Rfd1 Rac8 19. Nd4 g6 20. Nf3 Bb8 21. b3 Nh5 22. Bg5 f6 1/2-1/2

[Event "FICGS class C 000253 email"]
[Site "FICGS email"]
[Date "2016.12.31"]
[Round "1"]
[White "Romano, Jacopo"]
[Black "Cirulis, Ilmars"]
[Result "1/2-1/2"]
[WhiteElo "2032"]
[BlackElo "1866"]
[PlyCount "33"]
[EventDate "2016.??.??"]
[EventType "tourn (corr)"]
[EventRounds "1"]
[SourceTitle "Corr 2022"]
[Source "ChessBase"]
[SourceDate "2021.10.24"]
[SourceVersion "1"]
[SourceVersionDate "2021.10.24"]
[SourceQuality "1"]

1. e4 e6 2. d4 d5 3. Nd2 Be7 4. Bd3 c5 5. dxc5 Nf6 6. Qe2 Bxc5 7. Ngf3 0-0 8. 0-0 Nc6 9. e5 Nd7 10. Nb3 Bb6 11. c4 f6 12. exf6 Nxf6 13. Bf4 a5 14. Rae1 a4 15. Nbd2 Ne4 16. cxd5 exd5 17. Nxe4 1/2-1/2